| 000 | 00663nam a2200169 a 4500 | ||
|---|---|---|---|
| 001 | 000037512 | ||
| 005 | 20200930080414.0 | ||
| 008 | 120420s1985 sp 000 0 spa d | ||
| 020 | _a8400061136 | ||
| 040 |
_aDO-SdBNP _bspa _cBNPHU |
||
| 100 | 1 |
_aFernández Rodríguez, Manuel _963969 |
|
| 245 | 1 | 0 |
_aEspaña y Marruecos en los primeros años de la restauración : _b1875-1894 / _cManuel Fernández Rodríguez. |
| 260 |
_aMadrid : _bConsejo Superior de Investigaciones Científicas _bCentro de Estudios Históricos, _c1985. |
||
| 300 |
_a310 p. ; _c23 cm. |
||
| 500 | _aIncluye índice | ||
| 504 | _aIncluye referencias bibliográficas y notas al pie de las páginas | ||
| 999 |
_c37002 _d37002 |
||